[Event "Campionato Provinciale di Modena 2020"]
[EventDate "2019.12.13"]
[Site "Modena ITA"]
[Date "2019.12.13"]
[Round "1.1"]
[White "Franchini, Gabriele"]
[Black "Hodo, Dionis"]
[Result "1-0"]
[WhiteElo "2230"]
[BlackElo "1606"]
[PlyCount "89"]

1. e4 c5 2. Nf3 e6 3. c4 Nc6 4. Nc3 Nd4 5. d3 d6 6. Be3 e5 7. Nd5 Be7
8. Be2 f5 9. Bxd4 cxd4 10. Nd2 Nf6 11. O-O O-O 12. exf5 Bxf5 13. Nxf6+ Bxf6
14. Qb3 Kh8 15. Bf3 Rb8 16. Be4 Be6 17. Qd1 Bg5 18. Qh5 Bh6 19. b4 Qg5
20. Qxg5 Bxg5 21. Nb3 b5 22. c5 d5 23. Bf3 Bf5 24. Rfe1 Rfe8 25. Bxd5 Bxd3
26. Bc6 Re7 27. Be4 Bc4 28. Na5 Bd2 29. Nc6 Bxe1 30. Rxe1 Rbe8 31. Nxe7 Rxe7
32. Bb1 g5 33. f3 Kg7 34. Kf2 Kf6 35. a3 h6 36. h4 Bd5 37. hxg5+ Kxg5
38. g3 Re6 39. Bh7 Bc4 40. Be4 Re7 41. Rh1 a5 42. bxa5 Ra7 43. c6 Rxa5
44. c7 Be6 45. g4 1-0

[Event "Campionato Provinciale di Modena 2020"]
[EventDate "2019.12.13"]
[Site "Modena ITA"]
[Date "2019.12.13"]
[Round "1.2"]
[White "Galli, Maria Vittoria"]
[Black "Tazzioli, Luca"]
[Result "0-1"]
[WhiteElo "1486"]
[BlackElo "2082"]
[PlyCount "68"]

1. e4 d5 2. exd5 Qxd5 3. Nc3 Qa5 4. d4 Nf6 5. Bd2 c6 6. Bc4 Bf5 7. Nf3 e6
8. O-O Bb4 9. a3 Bxc3 10. Bxc3 Qc7 11. Re1 Ne4 12. Bd2 Nxd2 13. Qxd2 O-O
14. Nh4 Bg6 15. Nxg6 hxg6 16. Qg5 Nd7 17. h4 Nf6 18. Be2 Rad8 19. c3 Rd6
20. g4 Rfd8 21. h5 gxh5 22. gxh5 Rd5 23. Qh4 Rf5 24. h6 g6 25. Bd3 Rf4
26. Qh3 Rd5 27. Bxg6 Rg5+ 28. Kf1 Rxg6 29. Re3 Kh7 30. Ke2 Qa5 31. Re5 Qa6+
32. Kd2 Rxf2+ 33. Ke1 Rxb2 34. Qe3 Ng4 0-1

[Event "Campionato Provinciale di Modena 2020"]
[EventDate "2019.12.13"]
[Site "Modena ITA"]
[Date "2019.12.13"]
[Round "1.3"]
[White "Paoli, Walter"]
[Black "Marinelli, Sofia"]
[Result "1-0"]
[WhiteElo "1936"]
[BlackElo "1418"]
[PlyCount "115"]

1. Nf3 d5 2. g3 Nf6 3. Bg2 Bf5 4. O-O e6 5. c4 Be7 6. d3 O-O 7. cxd5 exd5
8. Qb3 b6 9. Ne5 c5 10. a4 Be6 11. Na3 Bd6 12. Nf3 Nc6 13. Bd2 Re8 14. Nb5 d4
15. Qc2 Nd5 16. Ng5 Be7 17. Nxe6 fxe6 18. Qb3 Qd7 19. Na3 Rad8 20. Nc4 Nc7
21. Bf4 Bf6 22. Bxc7 Qxc7 23. Bxc6 Qxc6 24. Nd2 Qd5 25. Qd1 e5 26. b3 Rd7
27. Ne4 Rf8 28. Qc2 h6 29. Qc4 Qxc4 30. bxc4 Bd8 31. Rfb1 a5 32. h4 Rf5
33. Kg2 Kf8 34. Rf1 Ke7 35. f4 exf4 36. Rxf4 Rxf4 37. gxf4 Ke6 38. Rb1 Kf5
39. Kf3 Bc7 40. h5 Ke6 41. Kg4 Rf7 42. Rf1 Rf5 43. Ng3 Rf7 44. Rf3 Bb8
45. e3 dxe3 46. Rxe3+ Kd7 47. Ne2 Re7 48. Rxe7+ Kxe7 49. Kf5 Kf7 50. Nc3 Bc7
51. Nd5 Bd8 52. Nc3 Bc7 53. Ne4 Bb8 54. Nd2 Bc7 55. Nf3 Bd6 56. Ne5+ Kg8
57. Ke6 Bb8 58. Ng6 1-0

[Event "Campionato Provinciale di Modena 2020"]
[EventDate "2019.12.13"]
[Site "Modena ITA"]
[Date "2019.12.13"]
[Round "1.4"]
[White "Barbari, Samuel"]
[Black "Marinelli, Gian Marco"]
[Result "0-1"]
[WhiteElo "1406"]
[BlackElo "1865"]
[PlyCount "72"]

1. e4 Nf6 2. Nc3 d5 3. exd5 Nxd5 4. Nxd5 Qxd5 5. Qf3 Be6 6. b3 Qe5+ 7. Kd1 Nc6
8. Rb1 O-O-O 9. Qe3 Qxe3 10. fxe3 Bf5 11. a3 e5 12. Bc4 Bc5 13. d3 e4
14. d4 Ne5 15. Ke1 Nxc4 16. bxc4 Be7 17. h3 Bh4+ 18. Kd2 Be6 19. Kc3 Be1+
20. Kb3 b5 21. Ne2 Bxc4+ 22. Kb2 Bh4 23. Nc3 f5 24. Bd2 c5 25. Ka1 cxd4
26. Nxb5 dxe3 27. Nxa7+ Kc7 28. Ba5+ Kd7 29. Bxd8 Rxd8 30. Rbd1+ Kc7
31. Rxd8 Bxd8 32. Re1 e2 33. Nb5+ Bxb5 34. c4 Bxc4 35. Rc1 Kd6
36. Rxc4 e1=Q+ 0-1

[Event "Campionato Provinciale di Modena 2020"]
[EventDate "2019.12.13"]
[Site "Modena ITA"]
[Date "2019.12.13"]
[Round "1.5"]
[White "Mammi, Samuele"]
[Black "Bruni, Alessandro"]
[Result "1-0"]
[WhiteElo "1814"]
[BlackElo "1379"]
[PlyCount "59"]

1. c4 e5 2. Nc3 Nf6 3. g3 Bc5 4. e3 O-O 5. Bg2 c6 6. Nge2 d6 7. O-O Be6
8. d4 exd4 9. exd4 Bb6 10. d5 cxd5 11. Nxd5 Nxd5 12. Bxd5 Bxd5
13. Qxd5 Nc6 14. Bf4 Bc7 15. Rfd1 Qf6 16. Nd4 Nxd4 17. Rxd4 Bb6 18. Rd2 Rfe8
19. Qxd6 Re6 20. Qb4 Qf5 21. Rad1 Ba5 22. Qxb7 Rae8 23. Qd5 Qxd5 24. Rxd5 Re1+
25. Rxe1 Bxe1 26. Be3 a6 27. a3 Rc8 28. Kf1 Bxf2 29. Kxf2 g6 30. c5 1-0

[Event "Campionato Provinciale di Modena 2020"]
[EventDate "2019.12.13"]
[Site "Modena ITA"]
[Date "2019.12.13"]
[Round "1.6"]
[White "Hodo, Jonian"]
[Black "Giuntini, Enrico"]
[Result "0-1"]
[WhiteElo "1347"]
[BlackElo "1812"]
[PlyCount "86"]

1. d4 d5 2. c4 dxc4 3. e3 Nf6 4. Bxc4 g6 5. Nc3 Bg7 6. Nf3 O-O 7. h3 a6
8. O-O Nc6 9. a3 b5 10. Ba2 Bb7 11. Qc2 Ne8 12. Ne4 Ra7 13. Nc5 Ba8 14. Bd2 e5
15. dxe5 Nxe5 16. Nxe5 Bxe5 17. Nb3 Qe7 18. Bb4 Nd6 19. Bc5 Rb7 20. f4 Bg7
21. e4 Qxe4 22. Qxe4 Nxe4 23. Bxf8 Kxf8 24. Rab1 c5 25. Rfe1 Rc7 26. Re2 Rd7
27. Rc1 c4 28. Rcc2 cxb3 29. Rc8+ Ke7 30. Rxa8 Bd4+ 31. Kh2 bxa2 32. Rxe4+ Kf6
33. Rxa6+ Kg7 34. Re1 Bxb2 35. Rb6 a1=Q 36. Rxa1 Bxa1 37. Rxb5 Ra7 38. Rb3 Bf6
39. g4 Be7 40. Rb5 Rxa3 41. Kg2 Bd6 42. f5 Rg3+ 43. Kh2 Rb3+ 0-1

[Event "Campionato Provinciale di Modena 2020"]
[EventDate "2019.12.13"]
[Site "Modena ITA"]
[Date "2019.12.13"]
[Round "1.7"]
[White "Brini, Dario"]
[Black "Vaccari, Luigi"]
[Result "1-0"]
[WhiteElo "1807"]
[BlackElo "1331"]
[PlyCount "95"]

1. e4 e5 2. Nf3 Nc6 3. Bb5 Nf6 4. O-O d6 5. Re1 Be7 6. c3 a6 7. Ba4 O-O
8. d4 Bd7 9. Nbd2 h6 10. Nf1 b5 11. Bc2 Bg4 12. d5 Na7 13. Ne3 Qd7 14. h3 Bh5
15. a4 c6 16. dxc6 Nxc6 17. g4 Bg6 18. Nd5 Nxd5 19. Qxd5 Rab8 20. Bd3 Nd8
21. Nxe5 Qe6 22. Qxe6 Nxe6 23. Nd7 Rfd8 24. Nxb8 Rxb8 25. axb5 axb5 26. f4 Nc5
27. Bc2 f6 28. b4 Nd7 29. Ra7 Be8 30. Bb3+ Kf8 31. Re2 Rc8 32. Bb2 Rb8
33. Re1 Nb6 34. e5 dxe5 35. fxe5 Rd8 36. exf6 Bxf6 37. Rb7 Nc4 38. Bxc4 bxc4
39. Rc7 Bf7 40. Re2 Rd1+ 41. Kh2 g6 42. b5 Rd5 43. b6 Rb5 44. b7 Kg7 45. Ba3 g5
46. Bd6 Kg6 47. Rxf7 Kxf7 48. b8=Q 1-0

[Event "Campionato Provinciale di Modena 2020"]
[EventDate "2019.12.13"]
[Site "Modena ITA"]
[Date "2019.12.13"]
[Round "1.8"]
[White "Vaccari, Marco"]
[Black "Garofalo, Sergio"]
[Result "0-1"]
[WhiteElo "1330"]
[BlackElo "1700"]
[PlyCount "64"]

1. e4 e5 2. Nf3 d6 3. d4 Nd7 4. dxe5 dxe5 5. Bc4 c6 6. Bg5 Be7 7. Qd2 Ngf6
8. Nc3 O-O 9. a3 Qc7 10. b4 b5 11. Ba2 a5 12. O-O axb4 13. axb4 Kh8
14. Rab1 Nb6 15. Qe2 Bg4 16. h3 Be6 17. Bxe6 fxe6 18. Nd2 Ra3 19. Qe3 Rfa8
20. f4 exf4 21. Bxf4 e5 22. Bg3 Nc4 23. Nxc4 bxc4 24. Qg5 Nxe4 25. Qg4 Rxc3
26. Rf7 Bc5+ 27. bxc5 Qxf7 28. Bxe5 Nf6 29. Qf5 Rca3 30. Rb6 Qd5 31. Rb7 Re8
32. Qg5 Ra1+ 0-1

[Event "Campionato Provinciale di Modena 2020"]
[EventDate "2019.12.13"]
[Site "Modena ITA"]
[Date "2019.12.13"]
[Round "1.9"]
[White "Castelli, Antonio"]
[Black "Verrelli, Antonio"]
[Result "1-0"]
[WhiteElo "1613"]
[BlackElo "1296"]
[PlyCount "95"]

1. e4 e6 2. Nc3 d5 3. exd5 exd5 4. d4 Nf6 5. Bg5 Be7 6. Nf3 Bg4 7. h3 Bh5
8. Be2 Bxf3 9. Bxf3 Ne4 10. Bxe7 Qxe7 11. Nxd5 Nxf2+ 12. Kxf2 Qd6 13. Re1+ Kf8
14. Qe2 Nc6 15. c3 Qd7 16. b4 Re8 17. Qxe8+ Qxe8 18. Rxe8+ Kxe8 19. Nxc7+ Kd7
20. Nb5 a6 21. Na3 Re8 22. Re1 Rc8 23. Bg4+ Kc7 24. Bxc8 Kxc8 25. d5 Nd8
26. Nc4 b5 27. Ne5 Kc7 28. d6+ Kxd6 29. Rd1+ Kxe5 30. Rxd8 Ke6 31. Ke3 Ke7
32. Ra8 Kf6 33. Rxa6+ Kg5 34. Rb6 Kh4 35. Rxb5 g5 36. a4 Kg3 37. Rxg5+ Kh4
38. Rg7 Kh5 39. Rxf7 Kg6 40. Rf4 Kg5 41. a5 h5 42. a6 h4 43. a7 Kg6
44. a8=Q Kg5 45. Qg8+ Kh5 46. Rf5+ Kh6 47. Rf6+ Kh5 48. Qg4# 1-0

[Event "Campionato Provinciale di Modena 2020"]
[EventDate "2019.12.13"]
[Site "Modena ITA"]
[Date "2019.12.14"]
[Round "2.1"]
[White "Giuntini, Enrico"]
[Black "Franchini, Gabriele"]
[Result "1/2-1/2"]
[WhiteElo "2230"]
[BlackElo "1812"]
[PlyCount "64"]

1. e4 e6 2. d4 d5 3. Nc3 Nf6 4. e5 Nfd7 5. f4 c5 6. Nf3 Nc6 7. Be3 a6
8. Be2 Qb6 9. Na4 Qa5+ 10. c3 cxd4 11. b4 Qc7 12. Nxd4 Nxd4 13. Qxd4 Be7
14. Rc1 f6 15. exf6 Bxf6 16. Qd2 Qc6 17. Nc5 Nb6 18. Bd4 O-O 19. O-O Nc4
20. Qd3 Nd6 21. Bf3 b6 22. Nb3 a5 23. Rfd1 Nc4 24. Qe2 Bxd4+ 25. Nxd4 Qd6
26. g3 Bd7 27. Nxe6 Bxe6 28. Qxc4 Rfc8 29. Qe2 Bf7 30. Qd2 axb4 31. cxb4 Rxc1
32. Rxc1 Rd8 1/2-1/2

[Event "Campionato Provinciale di Modena 2020"]
[EventDate "2019.12.13"]
[Site "Modena ITA"]
[Date "2019.12.14"]
[Round "2.2"]
[White "Tazzioli, Luca"]
[Black "Mammi, Samuele"]
[Result "1-0"]
[WhiteElo "2082"]
[BlackElo "1814"]
[PlyCount "41"]

1. e4 c6 2. d4 d5 3. e5 Bf5 4. h4 h5 5. c4 dxc4 6. Bxc4 e6 7. Nc3 Be7
8. Nge2 Bg4 9. Bg5 Bxg5 10. hxg5 Qxg5 11. Ne4 Qe7 12. Nd6+ Kf8 13. f3 Bf5
14. g4 Bg6 15. Nf4 Rh6 16. Qd2 h4 17. g5 Rh8 18. Nxg6+ fxg6 19. Qf4+ Nf6
20. gxf6 gxf6 21. Rxh4 1-0

[Event "Campionato Provinciale di Modena 2020"]
[EventDate "2019.12.13"]
[Site "Modena ITA"]
[Date "2019.12.14"]
[Round "2.3"]
[White "Garofalo, Sergio"]
[Black "Paoli, Walter"]
[Result "0-1"]
[WhiteElo "1700"]
[BlackElo "1936"]
[PlyCount "114"]

1. d4 Nf6 2. Nf3 d5 3. Nbd2 Bf5 4. Nh4 Bg6 5. g3 e6 6. Bg2 c6 7. O-O Be7
8. Nxg6 hxg6 9. c4 Nbd7 10. e4 dxe4 11. Nxe4 Nxe4 12. Bxe4 Nf6 13. Bg2 Qa5
14. Bd2 Bb4 15. Bxb4 Qxb4 16. Qb3 Qxb3 17. axb3 a6 18. Rfe1 O-O-O 19. Rad1 Rd7
20. b4 Rhd8 21. b5 axb5 22. cxb5 cxb5 23. Rc1+ Kb8 24. Rc5 Rxd4 25. Rxb5 Nd5
26. Bf3 Rb4 27. Rxb4 Nxb4 28. Kg2 Rd2 29. Re2 Rd6 30. Re3 Nd3 31. Be4 Nc5
32. b4 Nxe4 33. Rxe4 Kc7 34. Kf3 Rd3+ 35. Ke2 Rd7 36. f4 Kc6 37. g4 Kb5
38. h4 b6 39. Ke3 Rd1 40. Ke2 Rb1 41. f5 gxf5 42. gxf5 exf5 43. Re7 Rxb4
44. Rxf7 Rxh4 45. Rxf5+ Kb4 46. Rg5 Rd4 47. Rxg7 b5 48. Rg1 Kc3 49. Ke3 Rd8
50. Rc1+ Kb2 51. Rc5 b4 52. Rh5 b3 53. Rh7 Kb1 54. Rg7 b2 55. Ra7 Rd5
56. Ra4 Kc2 57. Ke4 Rd1 0-1

[Event "Campionato Provinciale di Modena 2020"]
[EventDate "2019.12.13"]
[Site "Modena ITA"]
[Date "2019.12.14"]
[Round "2.4"]
[White "Marinelli, Gian Marco"]
[Black "Brini, Dario"]
[Result "1-0"]
[WhiteElo "1865"]
[BlackElo "1807"]
[PlyCount "55"]

1. e4 c5 2. b3 d6 3. Bb2 Nf6 4. Bb5+ Nbd7 5. Qe2 a6 6. Bxd7+ Bxd7 7. f4 e6
8. Nf3 Be7 9. O-O O-O 10. Nc3 Bc6 11. Rad1 Qc7 12. d3 b5 13. e5 dxe5
14. fxe5 Nd5 15. Ne4 Rad8 16. Nfg5 h6 17. Nf3 Nb6 18. Qe3 Bxe4 19. Qxe4 Nd7
20. Rde1 Nb8 21. Bc1 Nc6 22. Qg4 Kh7 23. Re4 Nb4 24. Qh5 Rd7 25. Rg4 Bd8
26. Rxg7+ Kxg7 27. Bxh6+ Kg8 28. Qg4+ 1-0

[Event "Campionato Provinciale di Modena 2020"]
[EventDate "2019.12.13"]
[Site "Modena ITA"]
[Date "2019.12.14"]
[Round "2.5"]
[White "Vaccari, Luigi"]
[Black "Galli, Maria Vittoria"]
[Result "0-1"]
[WhiteElo "1331"]
[BlackElo "1486"]
[PlyCount "114"]

1. d4 Nf6 2. Nf3 g6 3. b3 Bg7 4. Bb2 d6 5. e3 Bf5 6. Nbd2 Nbd7 7. Bd3 Bxd3
8. cxd3 c5 9. O-O O-O 10. Rc1 Rc8 11. Ne4 Qb6 12. Qd2 Nd5 13. dxc5 Nxc5
14. Bxg7 Kxg7 15. Nxc5 Rxc5 16. Rxc5 Qxc5 17. Qb2+ Qc3 18. Qxc3+ Nxc3
19. g3 a6 20. a3 Rc8 21. Kg2 Nd5 22. e4 Nb6 23. d4 Rc3 24. Rb1 Nd7
25. Rb2 Kf6 26. Nd2 Rd3 27. Nf3 e5 28. dxe5+ dxe5 29. Nd2 Ke6 30. h4 Nc5
31. f3 f5 32. Kf2 f4 33. g4 Re3 34. Kf1 Nd3 35. Rb1 Nc5 36. Kf2 b5 37. Kf1 Kd6
38. a4 Ne6 39. axb5 axb5 40. b4 Nd4 41. Rd1 Kc6 42. Rc1+ Kd6 43. Rd1 Ke6
44. Kg2 Nc2 45. g5 Nxb4 46. Nf1 Re2+ 47. Kh3 Nc2 48. Nh2 Nd4 49. Rb1 Rf2
50. Rf1 Rxf1 51. Nxf1 Nxf3 52. Kg4 Nd4 53. h5 b4 54. Nd2 b3 55. Nc4 f3
56. hxg6 f2 57. gxh7 f1=Q 0-1

[Event "Campionato Provinciale di Modena 2020"]
[EventDate "2019.12.13"]
[Site "Modena ITA"]
[Date "2019.12.14"]
[Round "2.6"]
[White "Marinelli, Sofia"]
[Black "Hodo, Jonian"]
[Result "1-0"]
[WhiteElo "1418"]
[BlackElo "1347"]
[PlyCount "57"]

1. d4 d5 2. c4 c6 3. Nf3 Bg4 4. e3 Nf6 5. h3 Bh5 6. Nc3 e6 7. b3 Bb4
8. Bd2 Nbd7 9. a3 Bxc3 10. Bxc3 Ne4 11. Bb2 dxc4 12. Bxc4 Ng5 13. Be2 Nxf3+
14. Bxf3 Bxf3 15. Qxf3 Qg5 16. h4 Qf6 17. Qg3 O-O 18. Qc7 Nc5 19. Rd1 Rac8
20. Qa5 Na6 21. Rd2 Qe7 22. b4 Qc7 23. Qg5 h6 24. Qg4 Qd6 25. d5 g6 26. h5 exd5
27. hxg6 fxg6 28. Rxh6 Rc7 29. Rxg6+ 1-0

[Event "Campionato Provinciale di Modena 2020"]
[EventDate "2019.12.13"]
[Site "Modena ITA"]
[Date "2019.12.14"]
[Round "2.7"]
[White "Verrelli, Antonio"]
[Black "Barbari, Samuel"]
[Result "0-1"]
[WhiteElo "1296"]
[BlackElo "1406"]
[PlyCount "122"]

1. e4 e5 2. Nf3 Nc6 3. Bb5 Bc5 4. Nc3 Nge7 5. O-O a6 6. Ba4 Ng6 7. d3 h6
8. Bb3 O-O 9. Be3 Bxe3 10. fxe3 Na5 11. Ba4 b5 12. Bb3 Nxb3 13. axb3 f5
14. d4 fxe4 15. Nxe4 d6 16. c4 Bb7 17. d5 Qe7 18. Qd3 b4 19. Nfd2 Rxf1+
20. Nxf1 Rf8 21. Nfg3 Nh4 22. Rf1 Rxf1+ 23. Qxf1 Bc8 24. Nf2 Qg5 25. e4 Qe3
26. Qd3 Qc1+ 27. Qd1 Qxd1+ 28. Nxd1 Bg4 29. Ne3 Bd7 30. Ngf5 Bxf5 31. exf5 Kf7
32. g3 Nf3+ 33. Kf2 Nd4 34. h3 Nxb3 35. Nc2 a5 36. Ke3 Nc5 37. Kd2 Ne4+
38. Kc1 Nxg3 39. Kb1 Nxf5 40. Ne1 Kf6 41. Ka2 e4 42. Kb3 Nd4+ 43. Ka2 e3
44. Kb1 Kf5 45. Ng2 e2 46. Kc1 Ke4 47. Kd2 Kf3 48. Ne1+ Kf2 49. h4 Nb3+
50. Kc2 Kxe1 51. Kxb3 Kd1 52. Ka4 e1=Q 53. Kxa5 b3+ 54. Kb5 Qe3 55. Kc6 Qc5+
56. Kd7 Ke2 57. h5 Kf3 58. Ke6 Kf4 59. Kf7 Kf5 60. Kxg7 Qd4+ 61. Kxh6 Qh8# 0-1

[Event "Campionato Provinciale di Modena 2020"]
[EventDate "2019.12.13"]
[Site "Modena ITA"]
[Date "2019.12.14"]
[Round "2.8"]
[White "Bruni, Alessandro"]
[Black "Vaccari, Marco"]
[Result "1-0"]
[WhiteElo "1379"]
[BlackElo "1330"]
[PlyCount "65"]

1. e4 e5 2. Nf3 Nc6 3. Bc4 Nf6 4. d3 Be7 5. O-O O-O 6. Re1 a6 7. Nbd2 b5
8. Bd5 Nxd5 9. exd5 Nb4 10. Nxe5 Bb7 11. c4 d6 12. a3 Nxd5 13. Nef3 Nb6
14. cxb5 axb5 15. Nf1 Qd7 16. Ng3 b4 17. Nd4 Bf6 18. Ndf5 Qc6 19. Ne4 d5
20. Nxf6+ Qxf6 21. Qh5 bxa3 22. Ne7+ Kh8 23. Bg5 Qxb2 24. Reb1 Qd4 25. Qe2 Rfe8
26. Rxa3 f6 27. Rxa8 Rxa8 28. Nf5 Qc5 29. Be3 Qc6 30. Qg4 Qd7 31. Bd4 Rf8
32. Re1 Bc6 33. Re7 1-0

[Event "Campionato Provinciale di Modena 2020"]
[EventDate "2019.12.13"]
[Site "Modena ITA"]
[Date "2019.12.14"]
[Round "3.1"]
[White "Paoli, Walter"]
[Black "Tazzioli, Luca"]
[Result "1/2-1/2"]
[WhiteElo "1936"]
[BlackElo "2082"]
[PlyCount "46"]

1. Nf3 d5 2. d4 Nf6 3. Bg5 c5 4. Bxf6 gxf6 5. c3 Nc6 6. Nbd2 Qb6 7. Qb3 c4
8. Qxb6 axb6 9. e4 e6 10. e5 fxe5 11. Nxe5 b5 12. Nxc6 bxc6 13. a3 b4
14. cxb4 Bxb4 15. Rc1 Bd6 16. g3 Be7 17. Bg2 Bf6 18. Rxc4 Ba6 19. Rb4 Ke7
20. Nf3 Kd6 21. Kd2 Bb5 22. Bf1 Bxf1 23. Rxf1 Rhb8 1/2-1/2

[Event "Campionato Provinciale di Modena 2020"]
[EventDate "2019.12.13"]
[Site "Modena ITA"]
[Date "2019.12.14"]
[Round "3.2"]
[White "Franchini, Gabriele"]
[Black "Marinelli, Gian Marco"]
[Result "1-0"]
[WhiteElo "2230"]
[BlackElo "1865"]
[PlyCount "75"]

1. e4 d6 2. d4 g6 3. Nc3 Bg7 4. Be3 Nd7 5. Qd2 e5 6. Nf3 Ne7 7. h4 exd4
8. Bxd4 Nf6 9. h5 gxh5 10. Qg5 Ng6 11. Nd5 Nxd5 12. Qxd8+ Kxd8 13. Bxg7 Rg8
14. Bh6 Nb4 15. Nd4 Nc6 16. Nxc6+ bxc6 17. Rxh5 Bg4 18. Rg5 Be6 19. O-O-O f6
20. Rg3 Ke7 21. Be2 Ne5 22. Bf4 Rxg3 23. Bxg3 a5 24. Rh1 Bg8 25. f4 Ng6
26. Bg4 a4 27. Bf5 Ra5 28. Be1 Rc5 29. Bd2 Kf7 30. Rh3 Kg7 31. Ra3 Rc4
32. b3 axb3 33. axb3 Rc5 34. Kb2 d5 35. Ra7 dxe4 36. Rxc7+ Kh6 37. Bxe4 f5
38. Rxc6 1-0

[Event "Campionato Provinciale di Modena 2020"]
[EventDate "2019.12.13"]
[Site "Modena ITA"]
[Date "2019.12.14"]
[Round "3.3"]
[White "Mammi, Samuele"]
[Black "Giuntini, Enrico"]
[Result "0-1"]
[WhiteElo "1814"]
[BlackElo "1812"]
[PlyCount "86"]

1. c4 e5 2. Nc3 Nf6 3. Nf3 d6 4. e4 g6 5. Be2 Bg7 6. d4 exd4 7. Nxd4 O-O
8. O-O Re8 9. f3 a5 10. Be3 Na6 11. Rb1 Nc5 12. b3 Ne6 13. Qd2 b6 14. Rfd1 Bb7
15. a3 Nd7 16. Nd5 Nb8 17. b4 Nc6 18. Nxc6 Bxc6 19. Rbc1 axb4 20. axb4 Ra3
21. Nf4 Qa8 22. Nxe6 fxe6 23. c5 bxc5 24. bxc5 d5 25. exd5 exd5 26. Bf2 Ra2
27. Rc2 Rxc2 28. Qxc2 Ba4 29. Qd3 Bxd1 30. Bxd1 c6 31. g3 Qa7 32. Kg2 Rb8
33. Qe3 Qd7 34. Qf4 Rb2 35. Ba4 Qe6 36. Bd1 Qe1 37. Qb8+ Rxb8 38. Bxe1 Rb1
39. Ba4 Rxe1 40. Bxc6 d4 41. Bd5+ Kf8 42. c6 Rc1 43. c7 Rxc7 0-1

[Event "Campionato Provinciale di Modena 2020"]
[EventDate "2019.12.13"]
[Site "Modena ITA"]
[Date "2019.12.14"]
[Round "3.4"]
[White "Brini, Dario"]
[Black "Marinelli, Sofia"]
[Result "0-1"]
[WhiteElo "1807"]
[BlackElo "1418"]
[PlyCount "42"]

1. e4 c6 2. d4 d5 3. exd5 cxd5 4. c4 Nf6 5. Nc3 Nc6 6. Bf4 dxc4 7. Bxc4 e6
8. Nf3 Bd6 9. Bxd6 Qxd6 10. O-O O-O 11. Qd2 b6 12. Rac1 Bb7 13. Rfd1 Rfd8
14. d5 Na5 15. Nb5 Nxc4 16. Rxc4 Qd7 17. Rc7 Qxb5 18. Rxb7 Rxd5 19. Qc2 Qxb2
20. Qc1 Rad8 21. Rf1 Qxc1 0-1

[Event "Campionato Provinciale di Modena 2020"]
[EventDate "2019.12.13"]
[Site "Modena ITA"]
[Date "2019.12.14"]
[Round "3.5"]
[White "Galli, Maria Vittoria"]
[Black "Garofalo, Sergio"]
[Result "1/2-1/2"]
[WhiteElo "1486"]
[BlackElo "1700"]
[PlyCount "59"]

1. e4 e5 2. f4 exf4 3. Nf3 Be7 4. d4 Bh4+ 5. Ke2 f5 6. e5 d6 7. Bxf4 dxe5
8. Bxe5 Bf6 9. Kf2 Bxe5 10. Qe1 Qe7 11. Qxe5 Qxe5 12. Nxe5 Nf6 13. Nc3 Ne4+
14. Nxe4 fxe4 15. Bc4 Nc6 16. Nxc6 bxc6 17. Rhe1 Bf5 18. Bd3 O-O 19. Be2 Rad8
20. c3 c5 21. dxc5 Rd2 22. b3 Rc2 23. c4 e3+ 24. Kg1 Be4 25. Rad1 Rf2
26. Bf1 Rxf1+ 27. Kxf1 Rf2+ 28. Kg1 Rxg2+ 29. Kf1 Rf2+ 30. Kg1 1/2-1/2

[Event "Campionato Provinciale di Modena 2020"]
[EventDate "2019.12.13"]
[Site "Modena ITA"]
[Date "2019.12.14"]
[Round "3.6"]
[White "Barbari, Samuel"]
[Black "Castelli, Antonio"]
[Result "1-0"]
[WhiteElo "1406"]
[BlackElo "1613"]
[PlyCount "95"]

1. e4 e5 2. Nf3 Nf6 3. Nc3 Bb4 4. d3 Nc6 5. Bd2 d6 6. Nd5 Bxd2+ 7. Qxd2 Nxd5
8. exd5 Ne7 9. d4 e4 10. Ng5 Nxd5 11. Nxe4 O-O 12. O-O-O Re8 13. Bd3 Nf6
14. f3 Nxe4 15. Bxe4 d5 16. Bd3 a5 17. g4 Qf6 18. Rdf1 Kh8 19. c3 b6 20. g5 Qd6
21. Re1 Bd7 22. f4 b5 23. Re5 b4 24. Rhe1 bxc3 25. bxc3 Qa3+ 26. Qb2 Qxb2+
27. Kxb2 Rab8+ 28. Kc1 f6 29. Rxe8+ Rxe8 30. Rxe8+ Bxe8 31. Kd2 fxg5
32. fxg5 h6 33. h4 Kg8 34. Ke3 Kf8 35. Kf4 Ke7 36. Ke5 hxg5 37. hxg5 c6
38. Bf5 Bh5 39. Bc8 Be8 40. Bf5 Bh5 41. a3 Be8 42. Bc8 Bd7 43. Bxd7 Kxd7
44. Kf5 Ke7 45. Kg6 Kf8 46. Kh7 Kf7 47. g6+ Kf6 48. a4 1-0

[Event "Campionato Provinciale di Modena 2020"]
[EventDate "2019.12.13"]
[Site "Modena ITA"]
[Date "2019.12.14"]
[Round "3.7"]
[White "Hodo, Dionis"]
[Black "Bruni, Alessandro"]
[Result "1/2-1/2"]
[WhiteElo "1606"]
[BlackElo "1379"]
[PlyCount "79"]

1. e4 e5 2. Nf3 Nc6 3. Bb5 a6 4. Ba4 Nf6 5. O-O b5 6. Bb3 Be7 7. d3 O-O
8. c3 h6 9. Nbd2 Bc5 10. Nxe5 Bxf2+ 11. Rxf2 Nxe5 12. Nf3 d6 13. h3 Be6
14. Bc2 Qd7 15. d4 Nxf3+ 16. Qxf3 d5 17. e5 Ne4 18. Bxe4 dxe4 19. Qxe4 Rae8
20. Bf4 Bd5 21. Qc2 Re6 22. a4 Rg6 23. Kh2 Qc6 24. axb5 axb5 25. Bg3 Be4
26. Qe2 Bd5 27. Bh4 f6 28. exf6 gxf6 29. Qh5 Kh7 30. g3 Rfg8 31. Rf5 Bc4
32. Qf3 Qe6 33. Ra7 R8g7 34. Rxf6 Rxf6 35. Qxf6 Qe2+ 36. Kg1 Qe1+ 37. Kh2 Qe2+
38. Kg1 Qe1+ 39. Kh2 Qe2+ 40. Kg1 1/2-1/2

[Event "Campionato Provinciale di Modena 2020"]
[EventDate "2019.12.13"]
[Site "Modena ITA"]
[Date "2019.12.14"]
[Round "3.8"]
[White "Hodo, Jonian"]
[Black "Verrelli, Antonio"]
[Result "1-0"]
[WhiteElo "1347"]
[BlackElo "1296"]
[PlyCount "129"]

1. d4 d5 2. c4 dxc4 3. e3 Nf6 4. Bxc4 Bf5 5. Nc3 e6 6. Qb3 Qc8 7. Nf3 g6
8. Nh4 Bg7 9. Nxf5 exf5 10. Bxf7+ Kf8 11. Be6 Nbd7 12. Nd5 Rb8 13. Nxf6 Bxf6
14. Qa3+ Ke8 15. Qxa7 Ra8 16. Bxd7+ Kxd7 17. Qc5 Be7 18. Qc4 Qg8 19. Qxg8 Rhxg8
20. Bd2 b6 21. a3 Rgf8 22. O-O Rf6 23. Rac1 Rc6 24. Rxc6 Kxc6 25. Rc1+ Kd5
26. Rxc7 Re8 27. Rd7+ Kc4 28. Rb7 b5 29. Rc7+ Kd3 30. Bb4 Bxb4 31. axb4 Rh8
32. Rc5 Rb8 33. d5 Ra8 34. g3 Ke4 35. Rxb5 Kf3 36. Ra5 Rc8 37. Ra1 Rd8
38. Rd1 Ke4 39. d6 Ke5 40. d7 Ke6 41. b5 Rxd7 42. Rxd7 Kxd7 43. Kg2 Kc7
44. Kf3 Kb6 45. Kf4 Kxb5 46. Kg5 Kc4 47. Kh6 Kb3 48. Kxh7 Kxb2 49. Kxg6 Kc3
50. h4 Kc4 51. h5 Kd3 52. h6 Ke2 53. h7 Kxf2 54. h8=Q Kxe3 55. Qe5+ Kf3
56. Qf4+ Ke2 57. Kxf5 Kd3 58. Qe4+ Kc3 59. Ke5 Kd2 60. Qf3 Kc2 61. Kd4 Kb2
62. Qc3+ Ka2 63. Qb4 Ka1 64. Kc3 Ka2 65. Qb2# 1-0